| 000 | 00912cam a22002655a 4500 | ||
|---|---|---|---|
| 999 |
_c27391 _d27362 |
||
| 005 | 20201128024412.0 | ||
| 008 | 140527t2014 enka fr 001 0 eng d | ||
| 020 | _a9781292026572 | ||
| 020 | _a129202657X | ||
| 040 |
_aStDuBDS _beng _cStDuBDS _dEG-ScBUE _dEG-ScBUE |
||
| 082 | 0 | 4 |
_a629.895 _bMAZ _222 |
| 100 | 1 | 0 | _aMazidi, Muhammad Ali. |
| 245 | 1 | 4 |
_aThe 8051 microcontroller and embedded systems / _cMazidi, Mazidi, McKinlay. |
| 250 | _a2nd ed., Pearson new international ed. | ||
| 260 |
_aHarlow : _bPearson Education Limited, _cc.2014. |
||
| 300 |
_axiii, 626 p. : _bill. ; _c28 cm. |
||
| 500 | _aIncludes index. | ||
| 650 | 7 |
_aIntel 8051 (Microcontroller) _xProgramming. _2BUEsh |
|
| 650 | 7 |
_aEmbedded computer systems _xProgramming. _2BUEsh _92646 |
|
| 651 | _2BUEsh | ||
| 653 |
_bENGELC _cApril2019 |
||
| 700 | 1 |
_aMazidi, Janice Gillispie. _917979 |
|
| 700 | 1 |
_aMcKinlay, Rolin D. _934972 |
|
| 942 | _2ddc | ||